[Event "56th Hastings it"]
[Site "Hastings ENG"]
[Date "1980.12.31"]
[Round "3"]
[White "Torre, Eugenio"]
[WhiteTitle "GM"]
[WhiteElo "2520"]
[Black "Pinter, Jozsef"]
[BlackTitle "IM"]
[BlackElo "2535"]
[Result "1-0"]
[PlyCount "81"]
[EventDate "1980.12.29"]

1. d4 Nf6 2. c4 e6 3. Nc3 Bb4 4. e3 c5 5. Nge2 cxd4 6. exd4 d5 7. a3 Be7 8. c5
b6 9. b4 O-O 10. Bf4 a5 11. Na4 bxc5 12. bxc5 Nfd7 13. Nec3 Nc6 14. Bb5 Bb7 15.
O-O Bf6 16. Bd6 Re8 17. Rb1 Ra7 18. Nb6 Be7 19. Bxe7 Rxe7 20. Ba4 Nf6 21. Nb5
Ra6 22. Nd6 Nb8 23. Qd3 Ne4 24. Nd7 Rxd6 25. Nxb8 Qxb8 26. cxd6 Qxd6 27. f3 Nf6
28. Qc3 Rc7 29. Qxa5 g6 30. Rfd1 Kg7 31. Qb4 Qf4 32. Qd2 Qd6 33. Rdc1 Rxc1+ 34.
Qxc1 Ba6 35. Bb5 Bxb5 36. Rxb5 e5 37. Qc5 Qe6 38. dxe5 Qxe5 39. Rb1 Qf4 40. Rd1
Qa4 41. Rd3 1-0

[Event "56th Hastings it"]
[Site "Hastings ENG"]
[Date "1981.01.03"]
[Round "5"]
[White "Alburt, Lev"]
[WhiteTitle "GM"]
[WhiteElo "2515"]
[Black "Bellin, Robert"]
[BlackTitle "IM"]
[BlackElo "2440"]
[Result "1/2-1/2"]
[PlyCount "99"]
[EventDate "1980.12.29"]

1. d4 e6 2. e4 d5 3. Nc3 Bb4 4. Nge2 dxe4 5. a3 Be7 6. Nxe4 Nf6 7. Qd3 Nbd7 8.
N2g3 Nxe4 9. Nxe4 Nf6 10. c4 Nxe4 11. Qxe4 f5 12. Qd3 Bf6 13. Be3 c5 14. O-O-O
cxd4 15. Bxd4 Qxd4 16. Qxd4 Bxd4 17. Rxd4 e5 18. Rd5 e4 19. f3 exf3 20. gxf3
Be6 21. Re5 Kf7 22. Bd3 g6 23. Rhe1 Rhe8 24. c5 Bd7 25. f4 Rxe5 26. Rxe5 Be6
27. Kd2 Rd8 28. Kc3 Kf6 29. h4 h6 30. Re2 Bb3 31. Re3 Bf7 32. b4 Rd7 33. Re5
Be6 34. Re1 Bf7 35. Rg1 a6 36. a4 Rc7 37. Bc4 Be8 38. Bb3 Re7 39. Rg3 Bc6 40.
Rd3 Re4 41. Rd6+ Ke7 42. Rxg6 Rxf4 43. Rxh6 Rf3+ 44. Kb2 Rf2+ 45. Ka3 Rf3 46.
Kb2 Rf2+ 47. Kc1 Rf1+ 48. Kd2 Rf2+ 49. Kc1 Rf1+ 50. Kb2 1/2-1/2

[Event "56th Hastings it"]
[Site "Hastings ENG"]
[Date "1981.01.04"]
[Round "6"]
[White "Brito, Luismar"]
[WhiteElo "2300"]
[Black "Ftacnik, Lubomir"]
[BlackTitle "GM"]
[BlackElo "2470"]
[Result "0-1"]
[PlyCount "72"]
[EventDate "1980.12.29"]

1. e4 c5 2. Nf3 d6 3. d4 Nf6 4. Nc3 cxd4 5. Nxd4 a6 6. Bg5 e6 7. f4 Qb6 8. Qd2
Qxb2 9. Rb1 Qa3 10. f5 Nc6 11. fxe6 fxe6 12. Nxc6 bxc6 13. Bxf6 gxf6 14. e5 Bh6
15. Qd3 dxe5 16. Be2 O-O 17. O-O Ra7 18. Qc4 Rg7 19. Bg4 Qe7 20. Kh1 Kh8 21.
Bh3 f5 22. Na4 Rfg8 ({Not} 22... Rd8 {as previously given here.}) 23. Nc5 Be3
24. Nd3 e4 25. Ne5 Qc5 26. Qe2 Bd4 27. Nc4 a5 28. Nb6 Bb7 29. Na4 Qa7 30. c4
Ba6 31. Rb3 Qc7 32. Rbb1 Qe5 33. Rbe1 c5 34. Nb6 Rb7 35. Nd5 exd5 36. Rxf5 Bxc4
0-1

[Event "56th Hastings it"]
[Site "Hastings ENG"]
[Date "1981.01.12"]
[Round "13"]
[White "Chandler, Murray Graham"]
[WhiteTitle "IM"]
[WhiteElo "2450"]
[Black "Speelman, Jonathan Simon"]
[BlackTitle "GM"]
[BlackElo "2490"]
[Result "1/2-1/2"]
[PlyCount "38"]
[EventDate "1980.12.29"]

1. d4 Nf6 2. c4 e6 3. Nc3 Bb4 4. e3 O-O 5. Bd3 d5 6. Nge2 dxc4 7. Bxc4 c5 8.
O-O Nc6 9. a3 Bxc3 10. bxc3 e5 11. Bb2 Re8 12. Ba2 Be6 13. c4 exd4 14. exd4 Qb6
15. Bc3 Bg4 16. f3 cxd4 17. Rb1 Qc5 18. Nxd4 Rad8 19. Rb5 Qe7 1/2-1/2

[Event "56th Hastings it"]
[Site "Hastings ENG"]
[Date "1981.01.15"]
[Round "15"]
[White "Torre, Eugenio"]
[WhiteTitle "GM"]
[WhiteElo "2520"]
[Black "Peters, Jack"]
[BlackTitle "IM"]
[BlackElo "2465"]
[Result "1-0"]
[PlyCount "87"]
[EventDate "1980.12.29"]

1. d4 Nf6 2. c4 e6 3. Nc3 Bb4 4. e3 O-O 5. Nge2 d5 6. a3 Be7 7. cxd5 exd5 8. g3
Nbd7 9. Bg2 Nb6 10. O-O a5 11. a4 Re8 12. b3 Bf5 13. h3 h6 14. g4 Bh7 15. f4
Ne4 16. f5 Nxc3 17. Nxc3 c6 18. Ra2 Kh8 19. Re2 Bg8 20. Kh1 f6 21. Bf3 Bf7 22.
Rg2 Kg8 23. h4 Nd7 24. Rfg1 Nf8 25. g5 fxg5 26. hxg5 Bxg5 27. e4 Nh7 28. e5
Bxc1 29. Rxg7+ Kh8 30. f6 Bg5 31. Rxf7 Rf8 32. Re7 Re8 33. Rf7 Rf8 34. Re7 Re8
35. Rxh7+ Kxh7 36. Qc2+ Kh8 37. Qh2 Be3 38. Nd1 Rg8 39. Nxe3 Rxg1+ 40. Qxg1 Qd7
41. e6 Qh7 42. e7 Rg8 43. Qxg8+ Qxg8 44. Bh5 1-0